01095nam a2200289Ia 450000500170000000800410001702000150005810000190007324502210009225000190031330000430033250000220037565000460039765000380044365000350048170000320051670000190054870000170056770000310058470000200061526400350063533600270067033700330069733800280073004000350075808400120079320220317000733.0160601s2004 us a g 000 0 spa  a07460508521 aAmery, Heather10aMitos griegos para niños ctexto Heather Amery ; ilustraciones Linda Edwards ; diseño Amanda Barlow ; redacción Jenny Tyler ; traducción Pilar Dunster ; redacción en español Pilar Dunster y Anna Sánchez a1a. edición  a128 páginas bilustraciones c29 cm  aIncluye glosario 142LEMBaLeyenda y mitos infantiles griegos 142LEMBaLiteratura infantil griega 142LEMBaDioses en la literatura 1 aEdwards, Lindaeilustrador 1 aBarlow, Amanda1 aTyler, Jenny1 aDunster, Pilaretraductor 1 aSánchez, Anna aEstados Unidos bUsbornec2004 atextobtxt2rdacontent asin mediaciónbn2rdamedia avolumenbnc2rdacarrier aCO-BoRNBPbspaerdacCO-BoRNBP aLM AME1